[Event "Fast Game"]
[Site "www.echecsemail.com"]
[Date "2016.06.12"]
[Round "1"]
[White "Mitja"]
[Black "Picifarkinca"]
[WhiteElo "1670"]
[BlackElo "1819"]
[Result "1/2-1/2"]
[Round "1"]
1.d4 Ng8f6
2.e3 e6
3.c3 d5
4.Ng1h3 c5
5.dxc5 Bf8xc5
6.Nb1d2 O-O
7.Nd2b3 Bc5e7
8.Bf1d3 Nb8c6
9.Bd3c2 e5
10.Qd1d2 e4
11.Nb3d4 Qd8b6
12.Nd4xc6 bxc6
13.b3 Bc8a6
14.Bc1b2 Rf8d8
15.Bc2d1 Ra8c8
16.Bd1e2 h6
17.Be2xa6 Qb6xa6
18.Qd2e2 Qa6b6
19.O-O Kf8
20.Rf1d1 Kg8
21.Kh1 Qb6b5
22.Qe2xb5 cxb5
23.Nh3f4 g5
24.Nf4e2 Nf6g4
25.Kg1 Ng4e5
26.Ne2d4 Ne5d3
27.Ra1b1 a6
28.Nd4f5 Be7f8
29.h3 Nd3xb2
30.Rb1xb2 Rc8xc3
31.Rb2d2 Rc3c5
32.Kf1 b4
33.g4 Kh7
34.Ke2 Kg6
35.f3 Rd8c8
36.fxe4 dxe4
37.Ke1 Rc5c2
38.Ke2 Rc2xd2
39.Rd1xd2 Kf6
40.Kd1 Ke6
41.Nf5g3 Rc8c3
42.Ng3f5 h5
{ draw }
1/2-1/2

[Event "Tourn. n8829"]
[Site "www.chess-mail.com"]
[Date "2016.06.13"]
[Round "1"]
[White "Biggles"]
[Black "Guidom"]
[WhiteElo "2070"]
[BlackElo "2090"]
[Result "1/2-1/2"]
[Round "1"]
1.e4 e5
2.Ng1f3 Nb8c6
3.d4 exd4
4.Bf1c4 d6
5.O-O Nc6e5
6.Bc4b3 Ne5xf3
7.Qd1xf3 Qd8f6
8.Qf3h5 g6
9.Qh5b5 c6
10.Qb5e2 a6
11.Nb1d2 Bc8e6
12.Qe2d3 Bf8g7
13.Nd2c4 Be6xc4
14.Qd3xc4 h6
15.Bc1d2 Ng8e7
16.Rf1e1 O-O
17.f4 b5
18.Qc4d3 c5
19.Bb3d5 Ne7xd5
20.exd5 Rf8e8
21.b3 Kf8
22.Ra1c1 Re8xe1
23.Rc1xe1 Ra8e8
24.Re1xe8 Kxe8
25.g3 Qf6e7
26.Kf2 h5
27.c4 b4
28.h3 f5
29.Kf3 Bg7f6
30.g4 hxg4
31.hxg4 fxg4
32.Kxg4 Qe7d7
33.f5 Qd7xf5
34.Qd3xf5 gxf5
35.Kxf5 Ke7
36.Ke4 Bf6h4
37.Bd2f4 Bh4f2
38.Bf4g5 { draw }
1/2-1/2

[Event "Tourn. n8801"]
[Site "www.chess-mail.com"]
[Date "2016.06.13"]
[Round "1"]
[White "Francesco"]
[Black "Libiesse"]
[WhiteElo "2000"]
[BlackElo "1980"]
[Result "1/2-1/2"]
[Round "1"]
1.e4 c5
2.c3 e6
3.d4 d5
4.dxc5 Bf8xc5
5.exd5 exd5
6.Ng1f3 Nb8c6
7.Bf1b5 Qd8f6
8.Bc1g5 Qf6e6
9.Qd1e2 f6
10.Bg5h4 Ng8e7
11.O-O Qe6xe2
12.Bb5xe2 Ne7f5
13.Rf1e1 Nf5xh4
14.Nf3xh4 O-O
15.Nb1d2 Bc8d7
16.Be2f3 d4
17.cxd4 Nc6xd4
18.Ra1c1 Nd4xf3
19.Nh4xf3 Bc5b6
20.Re1e7 Bd7c6
21.h3 Rf8e8
{ draw }
1/2-1/2

[Event "Tourn. n8750"]
[Site "www.chess-mail.com"]
[Date "2016.06.13"]
[Round "1"]
[White "Francesco"]
[Black "Attatroll"]
[WhiteElo "1960"]
[BlackElo "1950"]
[Result "0-1"]
[Round "1"]
1.e4 c5
2.Ng1f3 Ng8f6
3.e5 Nf6d5
4.c4 Nd5b4
5.a3 Nb4a6
6.Nb1c3 Nb8c6
7.g3 e6
8.Bf1g2 Nc6d4
9.Nf3xd4 cxd4
10.Nc3e4 Na6c5
11.b4 Nc5d3
12.Ke2 b6
13.Kxd3 Bc8b7
14.Kxd4 d5
15.Qd1a4 Ke7
16.Kc3 dxe4
17.Rh1e1 Qd8d3
18.Kb2 Qd3xc4
19.Qa4b3 Ra8c8
20.Qb3xc4 Rc8xc4
21.d3 Rc4d4
22.dxe4 Ke8
23.f4 Bf8e7
24.Kb3 Kd7
25.Bc1b2 Rd4d2
26.Re1g1 Rh8c8
27.Bb2c3 Rd2d3
28.Ra1c1 a5
29.Bg2f1 Rd3e3
30.Bf1b5 Bb7c6
31.Bb5xc6 Rc8xc6
32.b5 Rc6c5
33.Rg1d1 Kc7
34.a4 h5
35.Rd1d4 h4
36.g4 g5
37.f5 exf5
38.exf5 Rc5xe5
39.Kb2 Kb7
40.Rd4d7 Kc8
41.Bc3xe5 Kxd7
42.Be5d4 Re3e2
43.Rc1c2 Re2e4
44.Bd4xb6 Re4xa4
45.h3 Ra4b4
46.Kc1 Rb4xb5
47.Bb6e3 Rb5b3
48.Be3d2 a4
49.Rc2c3 Rb3xc3
50.Bd2xc3 f6
51.Kc2 Kc6
52.Kd3 Kd5
53.Ke3 Kc4
54.Bc3a1 Kb3
55.Ke4 a3
56.Kd5 Be7b4
57.Ke6 Bb4c3
58.Ba1xc3 Kxc3
59.Kxf6 a2
60.Kxg5 a1Q
61.f6 Qa1c1
62.Kg6 Kd4
63.f7 Qc1c6
64.Kg7 Qc6d7
65.Kg8 Qd7e6
66.Kg7 Qe6e7
67.Kg8 Qe7g5
68.Kf8 Kd5
69.Ke8 Qg5g6
70.Ke7 Qg6e6
71.Kf8 Kd6
72.Kg8 Qe6g6
73.Kf8 Ke6
74.Ke8 Qg6xf7
{ resign }
0-1

[Event "Tourn. n8734"]
[Site "www.chess-mail.com"]
[Date "2016.06.13"]
[Round "1"]
[White "Ff333"]
[Black "Matchbox"]
[WhiteElo "1960"]
[BlackElo "1820"]
[Result "1-0"]
[Round "1"]
1.e4 g6
2.Bf1c4 Bf8g7
3.Qd1f3 e6
4.Ng1h3 Nb8c6
5.Nb1a3 Nc6e5
6.Qf3f4 h6
7.Bc4b3 a6
8.d4 Ne5c6
9.c3 Ng8e7
10.Na3c4 O-O
11.O-O d5
12.Nc4e3 dxe4
13.Qf4xe4 b6
14.Rf1e1 Bc8b7
15.Bb3xe6 fxe6
16.Qe4xe6 Kh7
17.Ne3g4 Bb7c8
18.Qe6e4 Bc8f5
19.Qe4e2 Bf5xg4
20.Qe2xg4 Ne7f5
21.Nh3f4 Qd8g5
22.Qg4f3 Nf5h4
23.Qf3xc6 Rf8xf4
24.Bc1xf4  { time }
1-0

[Event "Tourn. n8833"]
[Site "www.chess-mail.com"]
[Date "2016.06.13"]
[Round "1"]
[White "Bojan"]
[Black "Frisker"]
[WhiteElo "1990"]
[BlackElo "1809"]
[Result "0-1"]
[Round "1"]
1.c4 Ng8f6
2.b4 d5
3.Qd1b3 dxc4
4.Qb3xc4 g6
5.Bc1b2 Bf8g7
6.e3 O-O
7.d4 Nb8d7
8.Nb1d2 Nd7b6
9.Qc4c2 Bc8d7
10.Bf1d3 Nf6d5
11.a3 Nb6a4
12.Bb2c1 e5
13.dxe5 Bg7xe5
14.Ra1b1 Na4c3
15.Rb1b3 Bd7a4
16.Bd3c4 Rf8e8
17.Ng1e2 Nc3xe2
18.Kxe2 Nd5b6
19.Rh1d1 Qd8e7
20.Nd2f3 Be5g7
21.Bc4d3 Qe7e6
22.Nf3g5 Qe6xb3
23.Rd1d2 Bg7c3
{ resign }
0-1

[Event "Tourn. n8773"]
[Site "www.chess-mail.com"]
[Date "2016.06.13"]
[Round "1"]
[White "Genius2"]
[Black "Pimpampum"]
[WhiteElo "2080"]
[BlackElo "2140"]
[Result "0-1"]
[Round "1"]
1.d4 Ng8f6
2.Bc1g5 Nf6e4
3.Bg5f4 c5
4.dxc5 Qd8a5
5.c3 Qa5xc5
6.e3 Nb8c6
7.Ng1f3 d6
8.Bf1d3 Ne4f6
9.O-O e5
10.Bf4g5 Bf8e7
11.Nb1d2 h6
12.Bg5xf6 gxf6
13.Nd2e4 Qc5d5
14.Qd1c2 Rh8g8
15.Bd3c4 Qd5xc4
16.b3 Qc4e6
17.Kh1 Rg8xg2
18.Kxg2 Qe6h3
19.Kg1 Qh3xf3
{ resign }
0-1

[Event "Tourn. n8802"]
[Site "www.chess-mail.com"]
[Date "2016.06.13"]
[Round "1"]
[White "Cal"]
[Black "Daquata"]
[WhiteElo "1560"]
[BlackElo "1670"]
[Result "0-1"]
[Round "1"]
1.d4 Ng8f6
2.Nb1c3 d5
3.Bc1g5 e6
4.Bg5xf6 Qd8xf6
5.h3 c5
6.dxc5 Bf8xc5
7.Ng1f3 Nb8c6
8.a3 O-O
9.e3 Bc8d7
10.Bf1b5 a6
11.Bb5xc6 Bd7xc6
12.O-O Ra8d8
13.Ra1b1 d4
14.exd4 Bc6xf3
15.gxf3 Bc5xd4
16.Nc3e4 Qf6h4
17.Qd1e2 Qh4xh3
18.Ne4g3 h5
19.Qe2d3 Bd4xf2
20.Rf1xf2 Rd8xd3
21.cxd3 Qh3xg3
22.Kf1 h4
23.Ke2 h3
24.Rb1h1 Rf8c8
25.Rh1f1 Rc8c2
26.Ke3 Rc2xf2
27.Rf1xf2 h2
28.Rf2xh2 Qg3xh2
{ resign }
0-1

[Event "Tourn. n8829"]
[Site "www.chess-mail.com"]
[Date "2016.06.13"]
[Round "1"]
[White "Guidom"]
[Black "Pwain"]
[WhiteElo "2090"]
[BlackElo "1959"]
[Result "0-1"]
[Round "1"]
1.e4 e5
2.Ng1f3 Nb8c6
3.Bf1b5 a6
4.Bb5xc6 dxc6
5.O-O Bf8d6
6.d3 Ng8e7
7.Bc1g5 f6
8.Bg5h4 O-O
9.Nb1d2 Bc8e6
10.c4 c5
11.b3 Ne7c6
12.h3 Bd6e7
13.Qd1e2 Nc6b4
14.Nf3e1 Qd8d4
15.Nd2f3 Qd4xa1
{ resign }
0-1

[Event "Tourn. n8667"]
[Site "www.chess-mail.com"]
[Date "2016.06.13"]
[Round "1"]
[White "Numanoid"]
[Black "Raven16"]
[WhiteElo "2470"]
[BlackElo "2210"]
[Result "1-0"]
[Round "1"]
1.e4 e5
2.Nb1c3 Ng8f6
3.Bf1c4 Nb8c6
4.d3 Nc6a5
5.Bc4b3 Bf8c5
6.f4 d6
7.Ng1f3 Na5xb3
8.axb3 exf4
9.Bc1xf4 O-O
10.Nc3a4 Bc8g4
11.Na4xc5 dxc5
12.h3 Bg4h5
13.Bf4e3 b6
14.O-O h6
15.Qd1e1 Rf8e8
16.Qe1g3 Kh8
17.Nf3h4 Qd8d6
18.Qg3f2 Re8e6
19.Nh4f5 Qd6d7
20.Qf2g3 Bh5g6
21.Qg3h4 Bg6xf5
22.Rf1xf5 Nf6h7
23.g4 Qd7e7
24.Qh4f2 Re6f6
25.Rf5xf6 Qe7xf6
26.Qf2xf6 Nh7xf6
27.Be3f4 c6
28.Kf2 Nf6e8
29.Ra1a4 Kg8
30.b4 cxb4
31.Ra4xb4 c5
32.Rb4a4 g5
33.Bf4e3 Ne8d6
34.e5 Nd6b5
35.h4 Ra8e8
36.hxg5 hxg5
37.Be3xg5 Re8xe5
38.Bg5f6 Re5e6
39.g5 Kh7
40.Kf3 a5
41.Ra4h4 Kg6
42.Kf4 Re6xf6
43.gxf6 Kxf6
44.Rh4h6 { resign }
1-0

[Event "Tourn. n8759"]
[Site "www.chess-mail.com"]
[Date "2016.06.13"]
[Round "1"]
[White "Chessfan"]
[Black "Yangqi"]
[WhiteElo "2550"]
[BlackElo "2690"]
[Result "1/2-1/2"]
[Round "1"]
1.d4 f5
2.Bc1g5 h6
3.Bg5h4 g5
4.e3 Ng8f6
5.Bh4g3 d6
6.h4 Rh8g8
7.hxg5 hxg5
8.Nb1c3 e6
9.Qd1d2 Qd8e7
10.O-O-O a6
11.f3 Nb8c6
12.e4 f4
13.Bg3f2 Bc8d7
14.e5 Nf6d5
15.exd6 Qe7xd6
16.Nc3e4 Qd6e7
17.Ng1h3 O-O-O
18.Bf1c4 Kb8
19.Nh3xg5 Rg8xg5
20.Ne4xg5 Qe7xg5
21.Bf2h4 Qg5f5
22.Bh4xd8 Nc6xd8
23.Bc4xd5 exd5
24.Qd2d3 Qf5f6
25.Qd3h7 Bf8g7
26.Qh7h4 Qf6f8
27.Qh4g5 Bg7f6
28.Qg5xd5 Bd7e6
29.Qd5e4 Qf8g7
30.Rd1d2 { draw }
1/2-1/2

[Event "Tourn. n8803"]
[Site "www.chess-mail.com"]
[Date "2016.06.13"]
[Round "1"]
[White "Szustan"]
[Black "Paaliaq"]
[WhiteElo "2590"]
[BlackElo "2490"]
[Result "1/2-1/2"]
[Round "1"]
1.e4 c5
2.c3 Ng8f6
3.e5 Nf6d5
4.d4 cxd4
5.cxd4 d6
6.Ng1f3 Nb8c6
7.Bf1e2 g6
8.O-O Bf8g7
9.Nb1c3 dxe5
10.dxe5 Nd5xc3
11.Qd1xd8 Nc6xd8
12.bxc3 a6
{ draw }
1/2-1/2

[Event "Match"]
[Site "www.echecsemail.com"]
[Date "2016.06.13"]
[Round "1"]
[White "Genius4"]
[Black "Bojan"]
[WhiteElo "1779"]
[BlackElo "1910"]
[Result "0-1"]
[Round "1"]
1.d4 d5
2.c4 Ng8f6
3.cxd5 Nf6xd5
4.Ng1f3 h6
5.e4 Nd5b6
6.Nb1c3 a6
7.h3 Nb8c6
8.d5 Nc6a7
9.Bc1e3 e6
10.Be3xb6 cxb6
11.dxe6 Qd8xd1
12.Ra1xd1 Bc8xe6
13.Bf1e2 Bf8b4
14.Rd1c1 Be6xa2
15.O-O Ba2b3
16.Nc3d5 Bb4d6
17.Nd5xb6 Ra8d8
18.Nb6d5 Na7c6
 { time }
0-1

[Event "Match"]
[Site "www.echecsemail.com"]
[Date "2016.06.13"]
[Round "1"]
[White "Fred"]
[Black "Genius4"]
[WhiteElo "1940"]
[BlackElo "1720"]
[Result "1-0"]
[Round "1"]
1.e4 g6
2.f4 Bf8g7
3.Ng1f3 d6
4.Bf1c4 e6
5.d3 Ng8e7
6.Nb1c3 O-O
7.Bc1e3 d5
8.exd5 exd5
9.Bc4b3 d4
10.Nf3xd4 Bg7xd4
11.Be3xd4 Qd8xd4
12.Qd1f3 Nb8c6
13.O-O-O Ne7f5
14.Rh1e1 a6
15.a3 Qd4d8
16.Nc3e4 Nc6d4
17.Qf3f2 Nd4xb3
18.cxb3  { time }
1-0

[Event "Match"]
[Site "www.echecsemail.com"]
[Date "2016.06.13"]
[Round "1"]
[White "Pimpampum"]
[Black "Nugun"]
[WhiteElo "1619"]
[BlackElo "1810"]
[Result "1-0"]
[Round "1"]
1.e4 c6
2.d4 d5
3.Nb1c3 dxe4
4.Nc3xe4 Bc8f5
5.Ne4g3 Bf5g6
6.Ng1f3 f6
7.Bf1d3 Nb8d7
8.O-O Qd8c7
9.b4 e5
10.dxe5 Bg6xd3
11.Qd1xd3 O-O-O
12.e6 Nd7e5
13.Qd3e4 Bf8d6
14.Bc1e3 b6
15.Nf3d4 Bd6xb4
16.c3 Bb4xc3
17.Ra1c1 Ng8e7
18.Rc1xc3 Ne7d5
19.Rc3c2 c5
20.Rf1c1 Nd5b4
21.Nd4b5 Qc7e7
22.Qe4xb4 Qe7xe6
23.Nb5xa7 Kb7
24.Be3xc5 Ne5d3
25.Qb4xb6 Qe6xb6
26.Bc5xb6 Rd8d7
27.Rc1b1 Nd3b4
28.Rb1xb4 Rh8e8
29.h3  { time }
1-0

[Event "Match"]
[Site "www.echecsemail.com"]
[Date "2016.06.13"]
[Round "1"]
[White "Guidom"]
[Black "Genius4"]
[WhiteElo "2040"]
[BlackElo "1720"]
[Result "1-0"]
[Round "1"]
1.e4 c5
2.Ng1f3 d6
3.c4 Nb8c6
4.Nb1c3 Ng8f6
5.d3 g6
6.Bc1g5 Bf8g7
7.a3 O-O
8.Bf1e2 h6
9.Bg5h4 Bc8g4
10.h3 Bg4xf3
11.Be2xf3 Nc6d4
12.O-O a6
13.Rf1e1 Ra8b8
14.Ra1b1 b5
15.b4 Qd8c7
16.Bh4xf6 Bg7xf6
17.Nc3d5 Qc7d8
18.Nd5xf6 exf6
19.bxc5 dxc5
20.cxb5 axb5
21.e5  { time }
1-0

[Event "Match"]
[Site "www.echecsemail.com"]
[Date "2016.06.13"]
[Round "1"]
[White "Babedad"]
[Black "Ditto"]
[WhiteElo "1909"]
[BlackElo "1700"]
[Result "1-0"]
[Round "1"]
1.b3 d5
2.Bc1b2 Nb8c6
3.e3 Bc8f5
4.Bf1b5 e6
5.Ng1e2 Bf8b4
6.Bb2xg7 Qd8g5
7.Bg7xh8 f6
8.Ne2d4 Qg5xg2
9.Rh1f1 Ng8e7
10.Nd4xf5 exf5
11.Qd1h5 Kd7
12.Bh8xf6 Qg2e4
13.Bb5d3 Qe4e6
14.Bf6xe7 Nc6xe7
15.Nb1c3 Ra8f8
16.O-O-O Qe6e5
17.Qh5h4 Bb4xc3
18.dxc3 Qe5xc3
19.Qh4d4 Qc3a5
20.Qd4a4 Ne7c6
21.Qa4xa5 Kc8
22.Qa5xd5 { resign }
1-0

[Event "Match"]
[Site "www.echecsemail.com"]
[Date "2016.06.13"]
[Round "1"]
[White "Mrynmryn"]
[Black "Genius4"]
[WhiteElo "1990"]
[BlackElo "1720"]
[Result "1-0"]
[Round "1"]
1.Ng1f3 c5
2.e4 Nb8c6
3.c3 d5
4.Bf1d3 dxe4
5.Bd3xe4 Bc8d7
6.d4 e6
7.Bc1e3 cxd4
8.Nf3xd4 Qd8c7
9.O-O Ng8f6
10.Be4f3 Bf8e7
11.Qd1e2 Nc6xd4
12.Be3xd4 Bd7c6
13.Nb1d2 Bc6xf3
14.Qe2xf3 O-O
15.Nd2e4 Nf6xe4
16.Qf3xe4  { time }
1-0

[Event "Match"]
[Site "www.echecsemail.com"]
[Date "2016.06.13"]
[Round "1"]
[White "Emmanuel69"]
[Black "Gambitmiau"]
[WhiteElo "1840"]
[BlackElo "1820"]
[Result "1-0"]
[Round "1"]
1.c4 e5
2.Nb1c3 Bf8b4
3.Nc3d5 Nb8c6
4.a3 Bb4e7
5.d3 d6
6.Ng1f3 Ng8f6
7.Nd5xf6 Be7xf6
8.g3 Bc8g4
9.Bf1g2 h6
10.O-O O-O
11.h3 Bg4f5
12.Bc1e3 Qd8d7
13.Kh2 e4
14.dxe4 Bf5xe4
15.Qd1c1 Ra8e8
16.Nf3d2 Nc6a5
17.Nd2xe4 Na5b3
18.Ne4xf6 Kh8
19.Nf6xd7 Nb3xc1
20.Nd7xf8 Nc1b3
21.Ra1d1 Re8xf8
22.Bg2xb7 Nb3a5
23.Bb7a6 Rf8b8
24.b4 Na5c6
25.Ba6b5 Nc6e5
26.a4 Rb8a8
27.f4 a6
28.fxe5 axb5
29.axb5 { resign }
1-0

[Event "Match"]
[Site "www.echecsemail.com"]
[Date "2016.06.13"]
[Round "1"]
[White "Genius4"]
[Black "Llord"]
[WhiteElo "1720"]
[BlackElo "1750"]
[Result "0-1"]
[Round "1"]
1.d4 Ng8f6
2.Nb1c3 d5
3.Bc1g5 h6
4.Bg5xf6 exf6
5.e4 dxe4
6.Nc3xe4 Bf8e7
7.Ng1f3 f5
8.Ne4c3 O-O
9.Bf1c4 Bc8e6
10.Bc4xe6 fxe6
11.Qd1e2 Be7b4
12.Qe2c4 Bb4xc3
13.Qc4xc3 Nb8c6
14.O-O Rf8f6
15.Rf1e1 g5
16.Ra1d1 g4
17.Nf3e5 Qd8e8
18.Ne5xc6 bxc6
 { time }
0-1

[Event "Match"]
[Site "www.echecsemail.com"]
[Date "2016.06.13"]
[Round "1"]
[White "Hundegana"]
[Black "Genius4"]
[WhiteElo "1970"]
[BlackElo "1720"]
[Result "1-0"]
[Round "1"]
1.e4 e5
2.d3 d5
3.g3 dxe4
4.dxe4 Qd8xd1
5.Kxd1 Ng8f6
6.Bf1g2 Nb8c6
7.Ng1e2 Bc8e6
8.Bc1g5 Bf8e7
9.Nb1c3 O-O-O
10.Ke1 a6
11.O-O Nc6d4
12.Ne2xd4 exd4
13.Bg5xf6 Be7xf6
14.Nc3d1 h5
15.h4 c5
16.f4 Be6g4
17.Nd1f2 Bf6e7
18.Nf2xg4 hxg4
19.e5  { time }
1-0

[Event "Match"]
[Site "www.echecsemail.com"]
[Date "2016.06.13"]
[Round "1"]
[White "Genius4"]
[Black "Wagner"]
[WhiteElo "1720"]
[BlackElo "1820"]
[Result "0-1"]
[Round "1"]
1.d4 d5
2.Bc1f4 e6
3.e3 g5
4.Bf4g3 Ng8h6
5.Bf1d3 Bf8g7
6.Ng1f3 f6
7.h3 Bg7f8
8.Nb1d2 Bc8d7
9.Qd1e2 a6
10.c4 Bd7c6
11.O-O a5
12.cxd5 Bc6xd5
13.e4 Bd5c6
14.d5 Bc6d7
 { time }
0-1

[Event "Match"]
[Site "www.echecsemail.com"]
[Date "2016.06.13"]
[Round "1"]
[White "Liencam2"]
[Black "Genius2"]
[WhiteElo "2320"]
[BlackElo "1740"]
[Result "1-0"]
[Round "1"]
1.e4 d5
2.exd5 Qd8xd5
3.Nb1c3 Qd5a5
4.d4 Ng8f6
5.Bf1c4 Bc8f5
6.Ng1f3 e6
7.Bc1d2 c6
8.Qd1e2 Bf8e7
9.Nc3d5 Qa5d8
10.Nd5xe7 Qd8xe7
11.O-O O-O
12.a3 Rf8d8
13.Bd2b4 Qe7c7
14.Ra1d1 Nb8d7
15.Bc4d3 Bf5xd3
16.Rd1xd3 Nf6d5
17.Bb4d2 Nd5f4
18.Bd2xf4 Qc7xf4
19.Rf1d1 Nd7f6
20.Qe2e5 Qf4xe5
21.dxe5 Rd8xd3
22.Rd1xd3 Nf6d5
23.c4 Nd5b6
24.b3 Kf8
25.Nf3g5 h6
26.Ng5e4 Ke7
27.Ne4d6 Ra8b8
28.Rd3g3 Nb6d7
29.f4 g5
30.fxg5 Nd7xe5
31.Nd6e4 hxg5
32.Rg3xg5 Ne5g6
33.Kf2 b6
34.g3 c5
35.h4 Rb8d8
36.Ke2 Rd8d4
37.Ke3 Rd4d1
38.Ne4d2 Rd1e1
39.Kd3 Ng6e5
40.Kc2 Re1e2
41.Kc3 Re2xd2
42.Rg5xe5 Rd2g2
43.Re5g5 Kf6
44.Rg5g8 Kf5
45.Kd3 e5
46.b4 cxb4
47.axb4 f6
48.h5 e4
49.Ke3 Rg2c2
50.g4 Ke5
51.Rg8e8 Kd6
52.Re8xe4 Rc2b2
53.b5 Rb2b3
54.Kf4 Rb3b1
55.Kf5 Rb1f1
56.Re4f4 { resign }
1-0

[Event "Match"]
[Site "www.echecsemail.com"]
[Date "2016.06.13"]
[Round "1"]
[White "Genius4"]
[Black "Pariolinius"]
[WhiteElo "1720"]
[BlackElo "1600"]
[Result "0-1"]
[Round "1"]
1.d4 Ng8f6
2.Ng1f3 g6
3.g3 d6
4.Bf1g2 Bf8g7
5.O-O O-O
6.c4 Nb8d7
7.Nb1c3 b6
8.e4 Bc8b7
9.Rf1e1 e6
10.a3 Ra8c8
11.Bc1g5 h6
12.Bg5xf6 Nd7xf6
13.Qd1c2 Qd8d7
14.Ra1d1 Rc8d8
15.b4 Qd7c8
16.a4 c6
17.Rd1a1 d5
 { time }
0-1

[Event "Match"]
[Site "www.echecsemail.com"]
[Date "2016.06.13"]
[Round "1"]
[White "Leeds"]
[Black "Gambitmiau"]
[WhiteElo "1780"]
[BlackElo "1840"]
[Result "0-1"]
[Round "1"]
1.c4 e5
2.Nb1c3 Ng8f6
3.g3 Bf8b4
4.Bf1g2 Bb4xc3
5.dxc3 Nb8c6
6.e4 O-O
7.Ng1e2 d6
8.O-O b6
 { time }
0-1

[Event "Match"]
[Site "www.echecsemail.com"]
[Date "2016.06.13"]
[Round "1"]
[White "Matchbox"]
[Black "Fkarpov"]
[WhiteElo "1720"]
[BlackElo "2170"]
[Result "0-1"]
[Round "1"]
1.d4 Ng8f6
2.Ng1f3 e6
3.c4 Bf8b4
4.Bc1d2 Bb4e7
5.e3 O-O
6.Nb1c3 c5
7.Bf1e2 Nb8c6
8.dxc5 Be7xc5
9.O-O Qd8c7
10.Nc3b5 Qc7d8
11.a3 a6
12.Nb5c3 d5
13.b4 Bc5e7
14.Qd1c2 Qd8c7
15.Rf1c1 Bc8d7
16.h3 Nc6e5
17.Nf3xe5 Bd7e8
18.c5 Ra8c8
19.Ne5d3 Be8c6
20.Be2f3 d4
21.exd4 Bc6xf3
22.gxf3 Rc8d8
23.Bd2e3 Nf6d5
24.Nc3xd5 Rd8xd5
25.f4 Rd5h5
26.Kg2 f6
27.Qc2c4 Qc7c6
28.f3 b5
29.Qc4c2 e5
30.dxe5 fxe5
31.Nd3xe5 Rh5xe5
32.fxe5 Qc6xf3
33.Kg1 Qf3xe3
 { time }
0-1

[Event "Match"]
[Site "www.echecsemail.com"]
[Date "2016.06.13"]
[Round "1"]
[White "Genius2"]
[Black "Cristiano"]
[WhiteElo "1740"]
[BlackElo "1970"]
[Result "0-1"]
[Round "1"]
1.e4 e5
2.Ng1f3 Nb8c6
3.Bf1b5 a6
4.Bb5xc6 dxc6
5.d4 exd4
6.Qd1xd4 Qd8xd4
7.Nf3xd4 Bc8d7
8.Nb1c3 O-O-O
9.Bc1e3 Bf8b4
10.Nd4e2 f5
11.O-O-O Rd8e8
12.exf5 Bd7xf5
13.a3 Bb4d6
14.Ne2d4 Bf5g6
15.Rd1e1 Ng8f6
16.h3 Nf6d5
17.Nc3xd5 cxd5
18.Nd4b3 h6
19.Be3c5 Kd7
20.Bc5xd6 Kxd6
21.Kd2 b6
22.f3 c6
23.c3 c5
24.Nb3c1 Rh8f8
25.Rh1f1 c4
26.Nc1e2 Bg6d3
27.Rf1f2 g5
28.Ne2c1 Re8xe1
29.Kxe1 Rf8e8
30.Kd2 Bd3g6
31.Nc1e2 b5
32.Ne2d4 h5
33.Rf2e2 Re8xe2
34.Kxe2 Bg6d3
35.Kf2 Ke5
36.g3 Kd6
37.Ke3 Ke5
38.f4 gxf4
39.gxf4 Kf6
40.h4 Bd3b1
41.Kf3 Bb1e4
42.Ke3 Be4b1
43.Nd4c6 Bb1e4
44.Nc6b4 a5
45.Nb4c6 a4
46.Nc6a7 Kf5
47.Na7xb5 Kg4
48.Nb5d6 Be4d3
49.Nd6b7 Kxh4
50.Nb7c5 Kg4
51.Nc5xa4 h4
52.Na4c5 h3
53.Kf2 Bd3c2
54.a4 Kxf4
55.a5 Bc2d1
56.a6 Bd1f3
57.Kg1 Kg3
{ resign }
0-1

[Event "Match"]
[Site "www.echecsemail.com"]
[Date "2016.06.13"]
[Round "1"]
[White "Milkyway"]
[Black "Coraza8091"]
[WhiteElo "1809"]
[BlackElo "1680"]
[Result "1-0"]
[Round "1"]
1.e4 e5
2.Ng1f3 Ng8f6
3.Nf3xe5 Nf6xe4
4.Qd1e2 d5
5.d3 Ne4f6
6.Ne5c6 Bf8e7
7.Nc6xd8 Kxd8
8.Nb1c3 Rh8e8
9.Bc1d2 Be7b4
10.Qe2xe8 Nf6xe8
11.O-O-O Bc8e6
12.a3 Bb4c5
13.f3 d4
14.Nc3e4 b6
15.Ne4xc5 bxc5
16.g3 h6
17.Bf1g2 Be6d5
18.Rh1f1 Ne8d6
19.Rd1e1 g5
20.Re1e5 c6
21.h3 Nb8d7
22.Re5e2 c4
23.f4 cxd3
24.cxd3 Bd5xg2
25.Re2xg2 Ra8b8
26.fxg5 hxg5
27.Bd2xg5 Kc7
28.Bg5f4 Rb8h8
29.h4 Nd7c5
30.Rg2d2 Nc5b3
31.Kc2 Nb3xd2
32.Kxd2 Kd7
33.Bf4xd6 Kxd6
34.Rf1xf7 Rh8a8
35.h5 a5
36.h6 Ke6
37.Rf7f4 Ra8h8
38.Rf4xd4 Rh8xh6
39.g4 c5
40.Rd4a4 Rh6h2
41.Kc3 Rh2g2
42.Ra4xa5 Kd5
43.b4 Rg2xg4
44.Ra5xc5 Kd6
45.a4 Rg4g8
46.a5 Rg8a8
47.d4 { resign }
1-0

[Event "Match"]
[Site "www.echecsemail.com"]
[Date "2016.06.13"]
[Round "1"]
[White "Johndyson"]
[Black "Birya"]
[WhiteElo "2590"]
[BlackElo "1809"]
[Result "1-0"]
[Round "1"]
1.d4 Ng8f6
2.c4 g6
3.Nb1c3 Bf8g7
4.e4 d6
5.Bf1e2 O-O
6.Bc1g5 c5
7.d5 Nb8d7
8.Qd1d2 a6
9.Ng1f3 Ra8b8
10.a4 Nf6g4
11.h3 Ng4e5
12.Nf3h2 f6
13.Bg5h4  { time }
1-0

[Event "Match"]
[Site "www.echecsemail.com"]
[Date "2016.06.13"]
[Round "1"]
[White "Coventry"]
[Black "Darknight"]
[WhiteElo "1860"]
[BlackElo "1670"]
[Result "0-1"]
[Round "1"]
1.e4 e5
2.Ng1f3 d6
3.d4 exd4
4.Qd1xd4 h6
5.c4 b6
6.Nb1c3 Nb8c6
7.Qd4d1 Ng8f6
8.Bf1d3 Bc8g4
9.h3 Bg4h5
10.O-O g5
11.Bc1e3 Nc6e5
12.g4 Ne5xg4
13.hxg4 Bh5xg4
14.Kg2 c6
15.Bd3e2 Bg4xf3
16.Be2xf3 Rh8g8
17.Bf3g4 Qd8e7
18.Bg4f5 h5
19.Qd1d4 g4
20.Ra1d1 Ra8d8
21.Rf1h1 Bf8g7
22.Qd4d3 Rg8h8
23.Be3f4 d5
24.cxd5 cxd5
25.exd5 Qe7b7
26.Rh1e1 Kf8
27.Qd3c4 a6
28.Kg1 h4
29.Qc4c6 Qb7a7
30.d6 b5
31.Qc6c7 Qa7a8
32.Qc7e7 Kg8
33.d7 h3
34.Nc3d5 Nf6xd5
35.Rd1xd5 Bg7f8
36.Qe7g5 Bf8g7
37.Qg5xd8 Qa8xd8
38.Re1e8 Bg7f8
39.Re8xd8 { time. }
0-1

[Event "Match"]
[Site "www.echecsemail.com"]
[Date "2016.06.13"]
[Round "1"]
[White "Pimpampum"]
[Black "Avg"]
[WhiteElo "1499"]
[BlackElo "1910"]
[Result "0-1"]
[Round "1"]
1.b3 f5
2.Bc1b2 e6
3.f4 Ng8f6
4.Ng1f3 g6
5.g3 Bf8g7
6.Bf1g2 O-O
7.O-O d5
8.d3 c5
9.Qd1c1 Nb8c6
10.Nb1d2 Nf6g4
11.Bb2xg7 Kxg7
12.e4 dxe4
13.dxe4 fxe4
14.Qc1b2 Qd8f6
15.Qb2xf6 Rf8xf6
16.Nd2xe4 Rf6f5
17.Bg2h3 h5
18.Ne4d6 Rf5d5
19.Nd6xc8 Ra8xc8
20.Bh3xg4 hxg4
21.Nf3g5 Rc8e8
22.Rf1e1 e5
23.Ra1d1 exf4
24.gxf4 Re8xe1
25.Rd1xe1 Rd5d2
26.Ng5e6 Kf6
27.Ne6xc5 Rd2xc2
28.Nc5xb7 Nc6d4
29.Re1e3 Nd4f3
30.Kf1 Nf3xh2
31.Kg1 Nh2f3
32.Kf1 Kf5
33.Nb7d6 Kxf4
34.Re3e6 Rc2c1
35.Kg2 Rc1g1
36.Kf2 g3
37.Ke2 Rg1e1
{ resign }
0-1

[Event "Match"]
[Site "www.echecsemail.com"]
[Date "2016.06.13"]
[Round "1"]
[White "Frisker"]
[Black "Caspito"]
[WhiteElo "1809"]
[BlackElo "1820"]
[Result "1-0"]
[Round "1"]
1.d4 Ng8f6
2.Ng1f3 g6
3.c4 Bf8g7
4.Nb1c3 c6
5.Bc1f4 O-O
6.e4 d6
7.Qd1d2 Nb8d7
8.Bf1e2 e5
9.Bf4g5 b6
10.O-O-O Bc8b7
11.Kb1 Qd8c7
12.dxe5 dxe5
13.h3 Ra8d8
14.Qd2e3 a6
15.Nf3h2 c5
16.Nh2g4 Rf8e8
17.Ng4h6 Kf8
18.h4 Re8e6
19.h5 Bb7c6
20.hxg6 fxg6
21.Nc3d5 Bc6xd5
22.cxd5 Re6d6
23.f4 Qc7c8
24.Rd1f1 b5
25.Nh6g4 Rd8e8
26.fxe5 Nd7xe5
27.Ng4xf6 Bg7xf6
28.Rf1xf6 Rd6xf6
29.Bg5xf6 Ne5g4
30.Be2xg4 { resign }
1-0

[Event "Match"]
[Site "www.echecsemail.com"]
[Date "2016.06.13"]
[Round "1"]
[White "Billyg"]
[Black "Pwain"]
[WhiteElo "1610"]
[BlackElo "1499"]
[Result "0-1"]
[Round "1"]
1.e4 e5
2.Ng1f3 Nb8c6
3.Bf1d3 Bf8c5
4.c3 Ng8f6
5.O-O d5
6.exd5 Qd8xd5
7.Qd1e2 O-O
8.c4 Qd5d6
9.a3 Bc8g4
10.h3 Nc6d4
11.Qe2d1 Nd4xf3
12.gxf3 Bg4xh3
13.Rf1e1 Qd6xd3
14.Nb1c3 Qd3g6
15.Kh2 Qg6g2
{ resign }
0-1

[Event "1/16 Finale"]
[Site "www.chess-mail.com"]
[Date "2016.06.13"]
[Round "1"]
[White "Stormwind"]
[Black "Huw"]
[WhiteElo "2809"]
[BlackElo "2280"]
[Result "1-0"]
[Round "1"]
1.d4 Ng8f6
2.c4 e6
3.g3 Bf8b4
4.Bc1d2 a5
5.Bf1g2 d5
6.Qd1c2 Nb8c6
7.Ng1f3 Nf6e4
8.O-O Ne4xd2
9.Nb1xd2 O-O
10.e3 Nc6e7
11.a3 Bb4xd2
12.Qc2xd2 c6
13.Rf1c1 Bc8d7
14.b4 b6
15.Nf3e5 f6
16.Ne5d3 Bd7e8
17.Bg2h3 Be8f7
18.c5 b5
19.a4 bxa4
20.Ra1xa4 axb4
21.Ra4xb4 Qd8c7
22.Rc1b1 Rf8b8
23.Rb4b6 Ne7c8
24.Rb6xb8 Ra8xb8
25.Rb1xb8 Qc7xb8
26.Qd2a5 Nc8e7
27.Nd3b4 Kf8
28.Qa5b6 Qb8a8
29.Bh3f1 Bf7g6
30.Bf1a6 e5
31.dxe5 fxe5
32.h3 Bg6h5
33.g4 Bh5e8
34.f3 e4
35.fxe4 dxe4
36.Kg2 h5
37.Qb6c7 hxg4
38.hxg4 g6
39.Qc7d6 Kf7
40.Ba6c4 Kf8
41.Qd6f6 { resign }
1-0

[Event "1/128 Finale"]
[Site "www.chess-mail.com"]
[Date "2016.06.13"]
[Round "1"]
[White "Attatroll"]
[Black "Raven16"]
[WhiteElo "1910"]
[BlackElo "2190"]
[Result "0-1"]
[Round "1"]
1.e4 e5
2.f4 d5
3.exd5 e4
4.Nb1c3 Ng8f6
5.Bf1c4 Bf8c5
6.d4 exd3
7.Qd1xd3 O-O
8.Ng1e2 Rf8e8
9.a3 Bc8g4
10.b4 Bc5b6
11.Bc1d2 Nb8d7
12.O-O-O a5
13.Rd1e1 axb4
14.axb4 Qd8e7
15.Ne2d4 Qe7xb4
16.Bc4b3 Qb4xd4
17.Qd3xd4 Bb6xd4
18.Re1xe8 Ra8xe8
19.Nc3b5 Bd4b6
20.d6 c6
21.Nb5c7 Re8e2
22.h3 Bg4f5
23.Bd2b4 Re2xg2
24.Nc7a8 Bb6e3
25.Kb2 Be3xf4
{ resign }
0-1